Cherenkov-Channeling radiation from sub-GeV relativistic electrons; Physics Letters B; Vol. 795
| Parent link: | Physics Letters B Vol. 795.— 2019.— [P. 592-598] |
|---|---|
| מחבר תאגידי: | |
| מחברים אחרים: | , , , |
| סיכום: | Title screen Quantization of transverse energy levels for planar channeled relativistic electrons together with crystal dispersion may drastically change Cherenkov radiation resulting in mixed Cherenkov-Channeling Radiation (ChCR). In this work we have developed a quantum theory of ChCR. We have shown that the main feature of ChCR is reflected by its angular distribution, which consists of narrow bands reflecting the quantization of the projectile transverse energy. Moreover, mixed ChCR is shifted compared to Cherenkov radiation to larger emission angles. To stimulate experimental investigation of predicted phenomenon, a numerical analysis is carried out for 255 MeV electrons planar channeled in C (diamond) and Si crystals. |
| שפה: | אנגלית |
| יצא לאור: |
2019
|
| נושאים: | |
| גישה מקוונת: | https://doi.org/10.1016/j.physletb.2019.06.063 |
| פורמט: | אלקטרוני Book Chapter |
| KOHA link: | https://koha.lib.tpu.ru/cgi-bin/koha/opac-detail.pl?biblionumber=660567 |
MARC
| LEADER | 00000naa0a2200000 4500 | ||
|---|---|---|---|
| 001 | 660567 | ||
| 005 | 20250404103706.0 | ||
| 035 | |a (RuTPU)RU\TPU\network\30082 | ||
| 090 | |a 660567 | ||
| 100 | |a 20190801d2019 k||y0rusy50 ba | ||
| 101 | 0 | |a eng | |
| 135 | |a arnn ---uucaa | ||
| 181 | 0 | |a i | |
| 182 | 0 | |a b | |
| 200 | 1 | |a Cherenkov-Channeling radiation from sub-GeV relativistic electrons |f K. B. Korotchenko [et al.] | |
| 203 | |a Text |c electronic | ||
| 300 | |a Title screen | ||
| 320 | |a [References.: 60 tit.] | ||
| 330 | |a Quantization of transverse energy levels for planar channeled relativistic electrons together with crystal dispersion may drastically change Cherenkov radiation resulting in mixed Cherenkov-Channeling Radiation (ChCR). In this work we have developed a quantum theory of ChCR. We have shown that the main feature of ChCR is reflected by its angular distribution, which consists of narrow bands reflecting the quantization of the projectile transverse energy. Moreover, mixed ChCR is shifted compared to Cherenkov radiation to larger emission angles. To stimulate experimental investigation of predicted phenomenon, a numerical analysis is carried out for 255 MeV electrons planar channeled in C (diamond) and Si crystals. | ||
| 461 | |t Physics Letters B | ||
| 463 | |t Vol. 795 |v [P. 592-598] |d 2019 | ||
| 610 | 1 | |a электронный ресурс | |
| 610 | 1 | |a труды учёных ТПУ | |
| 610 | 1 | |a Cherenkov radiation | |
| 610 | 1 | |a Channeling radiation | |
| 610 | 1 | |a Mixed Cherenkov-Channeling radiation | |
| 610 | 1 | |a черенковское излучение | |
| 701 | 1 | |a Korotchenko |b K. B. |c physicis |c Professor of Tomsk Polytechnic University, doctor of physical and mathematical Sciences |f 1949- |g Konstantin Borisovich |3 (RuTPU)RU\TPU\pers\31536 |9 15697 | |
| 701 | 1 | |a Pivovarov |b Yu. L. |c physicist |c professor of Tomsk Polytechnic University |f 1953- |g Yuriy Leonidovich |3 (RuTPU)RU\TPU\pers\31522 | |
| 701 | 1 | |a Takabayashi |b Yu. |g Yuichi | |
| 701 | 1 | |a Dabagov |b S. B. |g Sultan Barasbievich | |
| 712 | 0 | 2 | |a Национальный исследовательский Томский политехнический университет |b Исследовательская школа физики высокоэнергетических процессов |c (2017- ) |3 (RuTPU)RU\TPU\col\23551 |
| 801 | 2 | |a RU |b 63413507 |c 20190801 |g RCR | |
| 856 | 4 | |u https://doi.org/10.1016/j.physletb.2019.06.063 | |
| 942 | |c CF | ||